Chemical binding and structure (Record no. 78165)
[ view plain ]
| 000 -LEADER | |
|---|---|
| fixed length control field | 00854nam a2200181 a 4500 |
| 008 - FIXED-LENGTH DATA ELEMENTS--GENERAL INFORMATION | |
| fixed length control field | 120416s1964 ||||||||||||||||| || u |
| 050 ## - LIBRARY OF CONGRESS CALL NUMBER | |
| Classification number | QD 461 Spi |
| 100 ## - MAIN ENTRY--PERSONAL NAME | |
| Personal name | Spice, J. E |
| 245 10 - TITLE STATEMENT | |
| Title | Chemical binding and structure |
| 260 ## - PUBLICATION, DISTRIBUTION, ETC. | |
| Place of publication, distribution, etc. | Oxford |
| Name of publisher, distributor, etc. | Pergamon Press |
| Date of publication, distribution, etc. | 1964 |
| 300 ## - PHYSICAL DESCRIPTION | |
| Extent | xiii, 395p. : ill. |
| 350 ## - | |
| -- | 0.00 |
| 490 ## - | |
| -- | The Commonwealth international library of science, technology, engineering and liberal studies. Intermediate chemistry division, v. 2 |
| 650 #0 - SUBJECT ADDED ENTRY--TOPICAL TERM | |
| Topical term or geographic name entry element | CHEMISTRY--HANDBOOKS, MANUALS, ETC |
| 650 ## - SUBJECT ADDED ENTRY--TOPICAL TERM | |
| Topical term or geographic name entry element | CHEMICAL BONDS |
| 995 ## - | |
| -- | MAIN LIBRARY OPEN ACCESS |
| -- | 0.00 |
| -- | 717257 |
| -- | CBU-MAIN LIBRARY (Kitwe) |
| -- | 2 |
| -- | 4.40 |
| -- | QD 461 Spi |
| -- | LOST |
| -- | 012474 |
| -- | Main Library Open Access Collection |
| 995 ## - | |
| -- | MAIN LIBRARY OPEN ACCESS |
| -- | 0.00 |
| -- | 717256 |
| -- | CBU-MAIN LIBRARY (Kitwe) |
| -- | 1 |
| -- | 4.40 |
| -- | QD 461 Spi |
| -- | AVAILABLE |
| -- | 012475 |
| -- | Main Library Open Access Collection |
| 999 ## - | |
| -- | 78165 |
| -- | 78165 |
| Withdrawn status | Lost status | Source of classification or shelving scheme | Damaged status | Not for loan | Permanent Location | Current Location | Date acquired | Total Checkouts | Full call number | Barcode | Date last seen | Copy number | Price effective from | Koha item type | Shelving location | Date last checked out |
|---|---|---|---|---|---|---|---|---|---|---|---|---|---|---|---|---|
| CBU-MAIN LIBRARY, KITWE. | CBU-MAIN LIBRARY, KITWE. | 05/03/2023 | QD 461 Spi | 012474cMain Library | 05/03/2023 | 1 | 05/03/2023 | MONOGRAPH | ||||||||
| CBU-MAIN LIBRARY, KITWE. | CBU-MAIN LIBRARY, KITWE. | 05/03/2023 | 1 | QD 461 Spi | 012475 | 04/24/2025 | 2 | 05/03/2023 | MONOGRAPH | 04/14/2025 |